[Event "Titled Tuesday intern op 11th Apr Late"]
[Site "Chess.com INT"]
[Date "2023.04.11"]
[Round "2"]
[White "Silva, Caio Henrique Angel"]
[Black "Zanette, Edgard Vinicius"]
[Result "1-0"]
[WhiteElo "2129"]
[BlackElo "2085"]
[PlyCount "33"]
[EventDate "2023.04.11"]
[EventType "swiss (blitz)"]
[EventRounds "11"]
[EventCountry "USA"]
[SourceTitle "CBM 213 Extra"]
[Source "ChessBase"]
[SourceDate "2023.05.31"]
[SourceVersion "1"]
[SourceVersionDate "2023.05.31"]
[SourceQuality "1"]

1. Nf3 Nf6 2. b3 g6 3. Bb2 Bg7 4. g3 0-0 5. Bg2 d6 6. d4 c6 7. 0-0 a5 8. c4 Bf5 9. Nc3 Ne4 10. Nh4 Nxc3 11. Bxc3 Bg4 12. Qd2 a4 13. e4 e5 14. h3 Be6 15. Nf3 Nd7 16. d5 cxd5 17. cxd5 1-0

[Event "Titled Tuesday intern op 28th Mar Late"]
[Site "Chess.com INT"]
[Date "2023.03.28"]
[Round "2"]
[White "Fiorito, Francisco"]
[Black "Zanette, Edgard Vinicius"]
[Result "1-0"]
[WhiteElo "2299"]
[BlackElo "2085"]
[PlyCount "71"]
[EventDate "2023.03.28"]
[EventType "swiss (blitz)"]
[EventRounds "11"]
[EventCountry "USA"]
[SourceTitle "EXT 2024"]
[Source "ChessBase"]
[SourceDate "2023.10.10"]
[SourceVersion "1"]
[SourceVersionDate "2023.10.10"]
[SourceQuality "1"]

1. d4 Nf6 2. Nc3 d5 3. Bf4 a6 4. e3 Bf5 5. Nf3 h6 6. Ne5 e6 7. g4 Bh7 8. h4 Nfd7 9. Bd3 Bxd3 10. Nxd3 Be7 11. Qf3 Bxh4 12. Bxc7 Bxf2+ 13. Kxf2 Qxc7 14. g5 Nc6 15. Ke2 Nb6 16. gxh6 Rxh6 17. Rxh6 gxh6 18. Qf6 Qh2+ 19. Nf2 Qh5+ 20. Kd3 Qg6+ 21. Qxg6 fxg6 22. Rh1 h5 23. Nh3 0-0-0 24. Nf4 Rg8 25. Nxe6 Ne7 26. Ng5 Rf8 27. b3 Rf5 28. Rg1 Kd7 29. e4 dxe4+ 30. Ncxe4 Nbd5 31. c4 Nf4+ 32. Ke3 b6 33. d5 Nc8 34. Nf3 Nd6 35. Nh4 Rf6 36. Nxf6+ 1-0

[Event "Titled Tuesday intern op 21st Mar Early"]
[Site "Chess.com INT"]
[Date "2023.03.21"]
[Round "1"]
[White "Martinez Reyes, Pedro Ramon"]
[Black "Zanette, Edgard Vinicius"]
[Result "1-0"]
[WhiteElo "2383"]
[BlackElo "2085"]
[PlyCount "63"]
[EventDate "2023.03.21"]
[EventType "swiss (blitz)"]
[EventRounds "11"]
[EventCountry "USA"]
[SourceTitle "EXT 2024"]
[Source "ChessBase"]
[SourceDate "2023.10.10"]
[SourceVersion "1"]
[SourceVersionDate "2023.10.10"]
[SourceQuality "1"]

1. d4 Nf6 2. c4 e6 3. Nc3 Bb4 4. Qc2 d5 5. cxd5 exd5 6. Bg5 c6 7. e3 0-0 8. Bd3 h6 9. Bh4 Nbd7 10. Nge2 Re8 11. 0-0 Nf8 12. Rad1 Be7 13. f3 Be6 14. Nf4 Bd6 15. Nce2 Bd7 16. Bf2 g5 17. Nh3 Bxh3 18. gxh3 Qd7 19. Bf5 Qc7 20. Ng3 Ne6 21. Kh1 Ng7 22. Rg1 Bxg3 23. hxg3 Nxf5 24. Qxf5 Kg7 25. g4 Qd7 26. Qd3 Qe6 27. Kg2 Rac8 28. Rh1 Rh8 29. h4 Nd7 30. Bg3 f6 31. h5 Rhe8 32. Qg6+ 1-0

[Event "Titled Tuesday intern op 21st Mar Early"]
[Site "Chess.com INT"]
[Date "2023.03.21"]
[Round "9"]
[White "Zanette, Edgard Vinicius"]
[Black "Sanchez Alvares, Kelvin Antonio"]
[Result "0-1"]
[WhiteElo "2085"]
[BlackElo "2250"]
[PlyCount "132"]
[EventDate "2023.03.21"]
[EventType "swiss (blitz)"]
[EventRounds "11"]
[EventCountry "USA"]
[SourceTitle "EXT 2024"]
[Source "ChessBase"]
[SourceDate "2023.10.10"]
[SourceVersion "1"]
[SourceVersionDate "2023.10.10"]
[SourceQuality "1"]

1. e4 e5 2. Nf3 Nc6 3. Nc3 Bc5 4. Nxe5 Nxe5 5. d4 Bd6 6. dxe5 Bxe5 7. Qd3 d6 8. f4 Bxc3+ 9. Qxc3 Nf6 10. Bd3 0-0 11. 0-0 Re8 12. Re1 c6 13. h3 Be6 14. Be3 d5 15. e5 Ne4 16. Bxe4 dxe4 17. Rad1 Qh4 18. b3 Bxh3 19. gxh3 Qg3+ 20. Kh1 Qxh3+ 21. Kg1 Qg3+ 22. Kf1 Qf3+ 23. Kg1 Re6 24. f5 Qxf5 25. Rd2 Rxe5 26. Rf2 Qh5 27. Rh2 Qf5 28. Rf1 Qe6 29. Rg2 g6 30. Bd4 Rf5 31. Bh8 f6 32. Rxf5 Qxf5 33. Bxf6 Rf8 34. Qc4+ Rf7 35. Bd4 b5 36. Qe2 c5 37. Be3 Qe5 38. Rf2 Qg3+ 39. Rg2 Qf3 40. Qxf3 exf3 41. Rg3 c4 42. Kf2 cxb3 43. c3 bxa2 44. Rg1 a5 45. Ra1 a4 46. Rxa2 Rc7 47. Bd4 Rc4 48. Kxf3 Kf7 49. Ke3 Ke6 50. Kd3 Kd5 51. Rh2 a3 52. Kc2 a2 53. Kb2 b4 54. Kxa2 bxc3 55. Bg7 c2 56. Bb2 c1Q 57. Bxc1 Rxc1 58. Rxh7 Ke4 59. Rf7 g5 60. Kb2 Rc6 61. Rf8 g4 62. Kb3 g3 63. Re8+ Kf5 64. Rg8 Rg6 65. Rf8+ Kg4 66. Rf1 g2 0-1

[Event "Titled Tuesday intern op 21st Mar Early"]
[Site "Chess.com INT"]
[Date "2023.03.21"]
[Round "4"]
[White "Zanette, Edgard Vinicius"]
[Black "Silva, Caio Henrique Angel"]
[Result "1-0"]
[WhiteElo "2085"]
[BlackElo "2129"]
[PlyCount "91"]
[EventDate "2023.03.21"]
[EventType "swiss (blitz)"]
[EventRounds "11"]
[EventCountry "USA"]
[SourceTitle "EXT 2024"]
[Source "ChessBase"]
[SourceDate "2023.10.10"]
[SourceVersion "1"]
[SourceVersionDate "2023.10.10"]
[SourceQuality "1"]

1. e4 c6 2. d4 d5 3. e5 c5 4. dxc5 e6 5. Be3 Nd7 6. Bb5 a6 7. Bxd7+ Bxd7 8. c3 Ne7 9. Bd4 Nc6 10. Ne2 Qc7 11. f4 Be7 12. Nd2 Nxd4 13. cxd4 b6 14. b4 a5 15. a3 Bb5 16. Nc3 Bd3 17. Qf3 axb4 18. Nxd5 exd5 19. Qxd3 bxc5 20. dxc5 Bxc5 21. Rc1 Qb6 22. Qxd5 Rc8 23. Nc4 Qb8 24. Nd6+ Bxd6 25. Rxc8+ Qxc8 26. exd6 0-0 27. 0-0 bxa3 28. d7 Qb8 29. Qa5 Rd8 30. Rd1 h6 31. Qxa3 Qxf4 32. Qe7 Qc7 33. Qe8+ Kh7 34. Qe4+ Kg8 35. Qe8+ Kh7 36. Qxf7 Qb6+ 37. Qf2 Qc6 38. Qd2 Kh8 39. h3 Qc5+ 40. Qd4 Qc6 41. Qd5 Qb6+ 42. Kh1 Qf6 43. Re1 Qc3 44. Re8+ Kh7 45. Qe4+ g6 46. Qe7+ 1-0

[Event "Titled Tuesday intern op 07th Feb Early"]
[Site "Chess.com INT"]
[Date "2023.02.07"]
[Round "9"]
[White "Clawitter, Craig"]
[Black "Zanette, Edgard Vinicius"]
[Result "0-1"]
[WhiteElo "2050"]
[BlackElo "2085"]
[PlyCount "62"]
[EventDate "2023.02.07"]
[EventType "swiss (blitz)"]
[EventRounds "11"]
[EventCountry "USA"]
[SourceTitle "EXT 2024"]
[Source "ChessBase"]
[SourceDate "2023.10.10"]
[SourceVersion "1"]
[SourceVersionDate "2023.10.10"]
[SourceQuality "1"]

1. e4 c5 2. Nf3 d6 3. d4 cxd4 4. Nxd4 Nf6 5. Nc3 a6 6. Be3 e5 7. Nb3 Be7 8. f3 Be6 9. g4 0-0 10. Qd2 Nbd7 11. 0-0-0 Qc7 12. g5 Nh5 13. Nd5 Bxd5 14. exd5 f6 15. Rg1 fxg5 16. Bxg5 Bxg5 17. Qxg5 Ndf6 18. Bh3 Nf4 19. Bf5 Ne2+ 20. Kb1 Nxg1 21. Rxg1 a5 22. Nd2 Kh8 23. Qh4 Qc5 24. Qg5 Rf7 25. Ne4 Qxd5 26. Nxf6 gxf6 27. Qh5 Rg8 28. Rxg8+ Kxg8 29. Qg4+ Kf8 30. a3 Rg7 31. Qh4 Rg1+ 0-1

[Event "Titled Tuesday intern op 07th Feb Early"]
[Site "Chess.com INT"]
[Date "2023.02.07"]
[Round "5"]
[White "Zanette, Edgard Vinicius"]
[Black "Winkels, Marcel"]
[Result "1-0"]
[WhiteElo "2085"]
[BlackElo "1957"]
[PlyCount "119"]
[EventDate "2023.02.07"]
[EventType "swiss (blitz)"]
[EventRounds "11"]
[EventCountry "USA"]
[SourceTitle "EXT 2024"]
[Source "ChessBase"]
[SourceDate "2023.10.10"]
[SourceVersion "1"]
[SourceVersionDate "2023.10.10"]
[SourceQuality "1"]

1. e4 c5 2. Nc3 e6 3. f4 Nc6 4. Nf3 g6 5. Bb5 Nd4 6. Nxd4 cxd4 7. Ne2 Bg7 8. Bd3 Ne7 9. 0-0 0-0 10. a3 b6 11. b4 Bb7 12. Bb2 f5 13. e5 d6 14. Bxd4 dxe5 15. Bxe5 Bxe5 16. fxe5 Qd5 17. Nf4 Qxe5 18. Qe1 Nc6 19. Nxe6 Rfe8 20. Qxe5 Nxe5 21. Nc7 Nxd3 22. Nxe8 Rxe8 23. cxd3 Re2 24. Rf2 Re6 25. Rc1 Rd6 26. Rc7 Ba6 27. Rxa7 Bxd3 28. h3 h5 29. Rf3 Be4 30. Rc3 Bc6 31. b5 Be8 32. Rc8 Kf8 33. Raa8 Re6 34. a4 Kf7 35. Kf2 g5 36. d4 Re4 37. d5 Bd7 38. Rc7 Ke7 39. Raa7 Kd6 40. Rxd7+ Kc5 41. d6 Rc4 42. Rac7+ Kd5 43. Rxc4 Kxc4 44. Rf7 Kd5 45. d7 Ke6 46. d8Q Kxf7 47. Qxg5 Ke6 48. Qxh5 Ke5 49. Qg6 f4 50. Qxb6 Ke4 51. Qe6+ Kd4 52. Qd6+ Ke4 53. h4 Kf5 54. h5 Kg5 55. h6 Kh5 56. h7 Kg5 57. h8Q Kg4 58. Qg7+ Kf5 59. Qf7+ Kg5 60. Qdg6+ 1-0

[Event "Titled Tuesday intern op 24th Jan Late"]
[Site "Chess.com INT"]
[Date "2023.01.24"]
[Round "2"]
[White "Papayan, Oleg"]
[Black "Zanette, Edgard Vinicius"]
[Result "1-0"]
[WhiteElo "2253"]
[BlackElo "2085"]
[PlyCount "133"]
[EventDate "2023.01.24"]
[EventType "swiss (blitz)"]
[EventRounds "11"]
[EventCountry "USA"]
[SourceTitle "EXT 2024"]
[Source "ChessBase"]
[SourceDate "2023.10.10"]
[SourceVersion "1"]
[SourceVersionDate "2023.10.10"]
[SourceQuality "1"]

1. d4 Nf6 2. Nf3 e6 3. Bf4 d5 4. c3 Bd6 5. e3 c5 6. Nbd2 Qc7 7. Bg3 Nbd7 8. Bd3 e5 9. dxe5 Nxe5 10. Nxe5 Bxe5 11. Nf3 Bxg3 12. hxg3 h6 13. Qa4+ Bd7 14. Qf4 Qxf4 15. gxf4 0-0-0 16. Ne5 Be8 17. 0-0-0 Kc7 18. f5 Nd7 19. f4 Nxe5 20. fxe5 Bc6 21. Rh4 Rde8 22. Rg4 Rhg8 23. Rh1 Rxe5 24. Rxh6 Rxe3 25. Kd2 Ree8 26. Rh7 Kd6 27. Rgxg7 Rxg7 28. Rxg7 f6 29. g4 Rh8 30. Rf7 Ke5 31. Re7+ Kf4 32. Rf7 Rh2+ 33. Kc1 Ke3 34. Bc2 Rh1+ 35. Bd1 d4 36. Re7+ Kf4 37. Kd2 Rh2+ 38. Kd3 Rh3+ 39. Kc4 dxc3 40. bxc3 b5+ 41. Kxc5 Rxc3+ 42. Kd6 Be4 43. Bb3 a5 44. Rf7 Rc6+ 45. Kd7 a4 46. Be6 Kg5 47. Rg7+ Kf4 48. Rg6 Ke5 49. g5 Rd6+ 50. Ke7 fxg5 51. Rxg5 Ra6 52. f6+ Kf4 53. f7 Ra7+ 54. Bd7 Ra8 55. Rxb5 Bg6 56. f8Q+ Rxf8 57. Kxf8 Bd3 58. Rb4+ Ke3 59. Rxa4 Kd2 60. Rb4 Kc3 61. Rb6 Bc4 62. a4 Kd4 63. a5 Kc5 64. Rb2 Bd5 65. Ke7 Bc4 66. Kd8 Ba6 67. Kc7 1-0

[Event "Titled Tuesday intern op 10th Jan Late"]
[Site "Chess.com INT"]
[Date "2023.01.10"]
[Round "7"]
[White "Aguilar, Juan"]
[Black "Zanette, Edgard Vinicius"]
[Result "0-1"]
[WhiteElo "2254"]
[BlackElo "2085"]
[PlyCount "88"]
[EventDate "2023.01.10"]
[EventType "swiss (blitz)"]
[EventRounds "11"]
[EventCountry "USA"]
[SourceTitle "EXT 2024"]
[Source "ChessBase"]
[SourceDate "2023.10.10"]
[SourceVersion "1"]
[SourceVersionDate "2023.10.10"]
[SourceQuality "1"]

1. g3 d5 2. Bg2 Nf6 3. d3 Bf5 4. Nf3 c6 5. 0-0 h6 6. c4 e6 7. Qb3 Qb6 8. Be3 Qxb3 9. axb3 a6 10. Nc3 Nbd7 11. Ra4 Bc5 12. d4 Bd6 13. c5 Bc7 14. Rfa1 0-0 15. b4 Rae8 16. Nh4 Bc2 17. R4a3 e5 18. Rc1 Bh7 19. Nf3 exd4 20. Bxd4 Ne4 21. e3 Ndf6 22. h3 Re7 23. Rd1 Rfe8 24. Nd2 Nxd2 25. Rxd2 Ne4 26. Nxe4 Bxe4 27. Bxe4 Rxe4 28. Kg2 f5 29. h4 g6 30. Ra1 Kf7 31. f4 Bd8 32. h5 Bf6 33. hxg6+ Kxg6 34. Bxf6 Kxf6 35. Rh1 Kg6 36. g4 fxg4 37. Kg3 h5 38. f5+ Kg5 39. Rf2 Rxe3+ 40. Kg2 Re2 41. Rhf1 Rxf2+ 42. Rxf2 Rf8 43. Re2 Rf7 44. Re5 Kf4 0-1

[Event "Titled Tuesday intern op 10th Jan Early"]
[Site "Chess.com INT"]
[Date "2023.01.10"]
[Round "3"]
[White "Limon Olmos, Ivan Alonso"]
[Black "Zanette, Edgard Vinicius"]
[Result "0-1"]
[WhiteElo "2140"]
[BlackElo "2085"]
[PlyCount "58"]
[EventDate "2023.01.10"]
[EventType "swiss (blitz)"]
[EventRounds "11"]
[EventCountry "USA"]
[SourceTitle "EXT 2024"]
[Source "ChessBase"]
[SourceDate "2023.10.10"]
[SourceVersion "1"]
[SourceVersionDate "2023.10.10"]
[SourceQuality "1"]

1. d4 Nf6 2. Nf3 e6 3. c4 b6 4. a3 Bb7 5. Nc3 Ne4 6. Qc2 f5 7. g3 Nxc3 8. Qxc3 Be7 9. Bg2 0-0 10. 0-0 a5 11. Rd1 Bf6 12. h4 h6 13. Bf4 Nc6 14. Ne5 Bxe5 15. Bxe5 d6 16. Bf4 Qf6 17. Rac1 Rab8 18. c5 bxc5 19. dxc5 e5 20. cxd6 cxd6 21. Bxc6 Bxc6 22. Qxc6 exf4 23. Rxd6 Qxb2 24. Qd5+ Kh8 25. Qd1 fxg3 26. fxg3 Qxa3 27. Rc7 Qxg3+ 28. Kf1 Rb4 29. Rd3 Qxc7 0-1

[Event "Titled Tuesday intern op 10th Jan Early"]
[Site "Chess.com INT"]
[Date "2023.01.10"]
[Round "6"]
[White "Novikova, Margarita"]
[Black "Zanette, Edgard Vinicius"]
[Result "1-0"]
[WhiteElo "2013"]
[BlackElo "2085"]
[PlyCount "93"]
[EventDate "2023.01.10"]
[EventType "swiss (blitz)"]
[EventRounds "11"]
[EventCountry "USA"]
[SourceTitle "EXT 2024"]
[Source "ChessBase"]
[SourceDate "2023.10.10"]
[SourceVersion "1"]
[SourceVersionDate "2023.10.10"]
[SourceQuality "1"]

1. d4 Nf6 2. Bf4 e6 3. Nd2 d5 4. e3 Bd6 5. Bg3 0-0 6. Ngf3 c5 7. c3 Qc7 8. Ne5 Nbd7 9. Ndf3 Ne4 10. Nxd7 Bxd7 11. Bxd6 Qxd6 12. Ne5 cxd4 13. exd4 f6 14. Nxd7 Qxd7 15. Bd3 f5 16. f3 Nd6 17. 0-0 b5 18. a3 Nc4 19. Qe2 a6 20. Rfe1 Rae8 21. b3 Nd6 22. a4 Qc6 23. Rec1 Rf7 24. axb5 axb5 25. Ra5 Rb7 26. Qa2 b4 27. Ra6 Rb6 28. Ra5 bxc3 29. Rc5 Qb7 30. R1xc3 Ra8 31. Qe2 Ra1+ 32. Kf2 Qe7 33. g3 Rb7 34. Qb2 Rba7 35. Qe2 f4 36. b4 fxg3+ 37. hxg3 h5 38. Qe5 h4 39. Qh5 hxg3+ 40. Kg2 R7a2+ 41. Rc2 Rxc2+ 42. Rxc2 Nf5 43. Bxf5 exf5 44. Qxf5 Qe1 45. Qxd5+ Kh7 46. Qh5+ Kg8 47. Rc8+ 1-0

[Event "Titled Tuesday intern op 10th Jan Late"]
[Site "Chess.com INT"]
[Date "2023.01.10"]
[Round "10"]
[White "Zanette, Edgard Vinicius"]
[Black "Khandelwal, Ankush"]
[Result "1-0"]
[WhiteElo "2085"]
[BlackElo "2228"]
[PlyCount "69"]
[EventDate "2023.01.10"]
[EventType "swiss (blitz)"]
[EventRounds "11"]
[EventCountry "USA"]
[SourceTitle "EXT 2024"]
[Source "ChessBase"]
[SourceDate "2023.10.10"]
[SourceVersion "1"]
[SourceVersionDate "2023.10.10"]
[SourceQuality "1"]

1. e4 c5 2. Nc3 a6 3. g3 b5 4. d3 Bb7 5. Bg2 e6 6. f4 Nf6 7. Nf3 b4 8. Ne2 d5 9. e5 Nfd7 10. 0-0 Nc6 11. Be3 Be7 12. d4 0-0 13. c3 a5 14. Qd2 a4 15. cxb4 cxb4 16. b3 axb3 17. axb3 Ra3 18. Rxa3 bxa3 19. f5 exf5 20. Nf4 Na5 21. e6 Nf6 22. exf7+ Rxf7 23. Ne5 Nxb3 24. Qc2 Ng4 25. Nxg4 Nxd4 26. Bxd4 fxg4 27. Ne6 Rxf1+ 28. Bxf1 Qa5 29. Nxg7 a2 30. Nf5 Bc5 31. Nh6+ Kf8 32. Qf2+ Ke8 33. Bxc5 a1Q 34. Bb6 Q5e1 35. Qf7# 1-0

[Event "Titled Tuesday intern op 10th Jan Late"]
[Site "Chess.com INT"]
[Date "2023.01.10"]
[Round "6"]
[White "Zanette, Edgard Vinicius"]
[Black "Michalski, Olaf"]
[Result "1-0"]
[WhiteElo "2085"]
[BlackElo "2273"]
[PlyCount "85"]
[EventDate "2023.01.10"]
[EventType "swiss (blitz)"]
[EventRounds "11"]
[EventCountry "USA"]
[SourceTitle "EXT 2024"]
[Source "ChessBase"]
[SourceDate "2023.10.10"]
[SourceVersion "1"]
[SourceVersionDate "2023.10.10"]
[SourceQuality "1"]

1. e4 c5 2. Nc3 a6 3. f4 b5 4. Nf3 Bb7 5. d3 e6 6. g3 f5 7. exf5 exf5 8. Bg2 Nf6 9. 0-0 Be7 10. Ne5 Bxg2 11. Kxg2 d5 12. Qf3 b4 13. Ne2 0-0 14. Be3 Nbd7 15. Nc6 Qe8 16. Nxe7+ Qxe7 17. Rae1 Rfe8 18. Bd2 Qf7 19. h3 d4 20. Nc1 Nd5 21. Nb3 a5 22. Rxe8+ Rxe8 23. Nxa5 Ne3+ 24. Bxe3 Rxe3 25. Qa8+ Re8 26. Qc6 h5 27. Rf2 Re6 28. Qd5 Kh7 29. Nc4 Nf6 30. Qxf5+ g6 31. Qxc5 Qb7+ 32. Kg1 Re1+ 33. Rf1 Rxf1+ 34. Kxf1 Qf3+ 35. Ke1 Qxg3+ 36. Ke2 Qg2+ 37. Ke1 Qh1+ 38. Kf2 Qxh3 39. Qe7+ Kh6 40. Qe4 Ng4+ 41. Ke2 Qh2+ 42. Kd1 Nf2+ 43. Ke1 1-0

[Event "Titled Tuesday intern op 10th Jan Late"]
[Site "Chess.com INT"]
[Date "2023.01.10"]
[Round "3"]
[White "Zanette, Edgard Vinicius"]
[Black "Suvorov, Alexander David"]
[Result "0-1"]
[WhiteElo "2085"]
[BlackElo "2338"]
[PlyCount "80"]
[EventDate "2023.01.10"]
[EventType "swiss (blitz)"]
[EventRounds "11"]
[EventCountry "USA"]
[SourceTitle "EXT 2024"]
[Source "ChessBase"]
[SourceDate "2023.10.10"]
[SourceVersion "1"]
[SourceVersionDate "2023.10.10"]
[SourceQuality "1"]

1. e4 e5 2. Nf3 Nc6 3. Bb5 Nge7 4. c3 a6 5. Ba4 b5 6. Bb3 Ng6 7. d4 exd4 8. cxd4 Bb4+ 9. Bd2 0-0 10. 0-0 Bxd2 11. Qxd2 Bb7 12. a4 Qe7 13. e5 Nb4 14. d5 c5 15. d6 Qe8 16. Re1 Bxf3 17. gxf3 Kh8 18. f4 f6 19. e6 dxe6 20. axb5 Qxb5 21. Nc3 Qc6 22. Rxe6 Rad8 23. Bd5 Rxd6 24. Rxd6 Qxd6 25. Rd1 Nxf4 26. Bf3 Qe5 27. Re1 Qf5 28. Be4 Qg5+ 29. Kh1 h6 30. Rg1 Qh4 31. Qe3 Nh3 32. f3 Nxg1 33. Qxg1 Rd8 34. Qxc5 Qe1+ 35. Kg2 Nc2 36. Qc7 Ne3+ 37. Kh3 Qf1+ 38. Kg3 Qg1+ 39. Kf4 Rg8 40. h4 Qh2+ 0-1

[Event "Titled Tuesday intern op 03rd Jan Early"]
[Site "Chess.com INT"]
[Date "2023.01.03"]
[Round "3"]
[White "Graca, Robert"]
[Black "Zanette, Edgard Vinicius"]
[Result "1-0"]
[WhiteElo "2270"]
[BlackElo "2085"]
[PlyCount "43"]
[EventDate "2023.01.03"]
[EventType "swiss (blitz)"]
[EventRounds "11"]
[EventCountry "USA"]
[SourceTitle "EXT 2024"]
[Source "ChessBase"]
[SourceDate "2023.10.10"]
[SourceVersion "1"]
[SourceVersionDate "2023.10.10"]
[SourceQuality "1"]

1. Nf3 Nf6 2. c4 e6 3. Nc3 d5 4. d4 Bb4 5. Bg5 0-0 6. e3 c5 7. cxd5 exd5 8. Bd3 Nc6 9. 0-0 cxd4 10. Nxd4 Nxd4 11. exd4 Be6 12. Rc1 Be7 13. Re1 Rc8 14. h3 h6 15. Bh4 a6 16. Bb1 Re8 17. Qd3 g6 18. Rxe6 Rxc3 19. bxc3 g5 20. Rxe7 Qxe7 21. Bg3 b5 22. Be5 1-0

[Event "Titled Tuesday intern op 27th Dec Early"]
[Site "Chess.com INT"]
[Date "2022.12.27"]
[Round "2"]
[White "Csonka, Balazs"]
[Black "Zanette, Edgard Vinicius"]
[Result "1-0"]
[WhiteElo "2497"]
[BlackElo "2083"]
[PlyCount "65"]
[EventDate "2022.12.27"]
[EventType "swiss (blitz)"]
[EventRounds "11"]
[EventCountry "USA"]
[SourceTitle "EXT 2024"]
[Source "ChessBase"]
[SourceDate "2023.10.10"]
[SourceVersion "1"]
[SourceVersionDate "2023.10.10"]
[SourceQuality "1"]

1. e4 c5 2. Nf3 d6 3. d4 cxd4 4. Nxd4 Nf6 5. Nc3 a6 6. h3 Nc6 7. g4 e5 8. Nb3 h6 9. Be3 Be6 10. Qf3 b5 11. 0-0-0 Be7 12. Rg1 b4 13. Nd5 Bxd5 14. exd5 Na5 15. Kb1 Nxb3 16. cxb3 e4 17. Qh1 Qa5 18. h4 Rc8 19. Bc4 Kf8 20. Bd4 Nd7 21. Rde1 Nb6 22. Rxe4 Nxc4 23. bxc4 b3 24. axb3 Qb4 25. Rg3 Rc7 26. Qf3 a5 27. g5 hxg5 28. hxg5 Rh2 29. Rh3 Rxh3 30. Qxh3 Kg8 31. Rh4 f6 32. Qe6+ Kf8 33. Rh8# 1-0

[Event "BRA-ch 88th"]
[Site "Recife"]
[Date "2022.12.23"]
[Round "11"]
[White "Da Silva, Erick Feitosa"]
[Black "Zanette, Edgard Vinicius"]
[Result "1-0"]
[WhiteElo "1892"]
[BlackElo "2083"]
[PlyCount "109"]
[EventDate "2022.12.15"]
[EventType "swiss"]
[EventRounds "11"]
[EventCountry "BRA"]
[SourceTitle "CBM 212 Extra"]
[Source "ChessBase"]
[SourceDate "2023.03.31"]
[SourceVersion "1"]
[SourceVersionDate "2023.03.31"]
[SourceQuality "1"]

1. c4 e5 2. Nc3 Nf6 3. Nf3 Nc6 4. g3 d5 5. cxd5 Nxd5 6. d3 Be7 7. Bg2 Nb6 8. 0-0 0-0 9. Be3 Be6 10. Nd2 f5 11. Nb3 Nd5 12. Bc5 Nxc3 13. bxc3 Bd5 14. Bxd5+ Qxd5 15. Bxe7 Nxe7 16. Nd2 b6 17. Qb3 Rad8 18. c4 Qc5 19. Qc3 Nc6 20. Nb3 Qe7 21. c5 b5 22. Rfd1 f4 23. a4 b4 24. Qc4+ Kh8 25. Qe4 Nd4 26. Nxd4 Rxd4 27. Qb7 fxg3 28. hxg3 h5 29. Kg2 Qf7 30. f3 a5 31. Rh1 Kg8 32. Qa6 h4 33. Rh3 b3 34. Qb5 Qd5 35. Rb1 c6 36. Qxb3 Rb4 37. Qxd5+ cxd5 38. Rxb4 axb4 39. Rxh4 d4 40. Rh1 Ra8 41. Rb1 Rxa4 42. c6 Ra7 43. Rxb4 Rc7 44. Rc4 Kf7 45. Kh3 Ke6 46. Kg4 Kd5 47. Kf5 Rf7+ 48. Kg6 Rc7 49. Rc2 Ke6 50. f4 exf4 51. gxf4 Kd5 52. Rc4 Ke6 53. Rxd4 Rxc6 54. Re4+ Kd5+ 55. Kxg7 1-0

[Event "BRA-ch 88th"]
[Site "Recife"]
[Date "2022.12.17"]
[Round "3"]
[White "De Saboya E Silva, Jose Frederic"]
[Black "Zanette, Edgard Vinicius"]
[Result "0-1"]
[WhiteElo "1948"]
[BlackElo "2083"]
[PlyCount "44"]
[EventDate "2022.12.15"]
[EventType "swiss"]
[EventRounds "11"]
[EventCountry "BRA"]
[SourceTitle "CBM 212 Extra"]
[Source "ChessBase"]
[SourceDate "2023.03.31"]
[SourceVersion "1"]
[SourceVersionDate "2023.03.31"]
[SourceQuality "1"]

1. c4 e5 2. g3 Nf6 3. Bg2 d5 4. cxd5 Nxd5 5. Nc3 Nb6 6. Nf3 Nc6 7. 0-0 Be7 8. a3 Be6 9. d3 0-0 10. b4 a5 11. b5 Nd4 12. Rb1 f6 13. Ne1 Ra7 14. e3 Nf5 15. Qc2 Nd6 16. Nf3 Qe8 17. d4 Qh5 18. Re1 Kh8 19. Nd2 Qf7 20. Nce4 exd4 21. exd4 Nxe4 22. Nc4 Bf5 0-1

[Event "Titled Tuesday intern op 29th Nov Late"]
[Site "Chess.com INT"]
[Date "2022.11.29"]
[Round "1"]
[White "Cardoso Cardoso, Jose Gabriel"]
[Black "Zanette, Edgard Vinicius"]
[Result "1-0"]
[WhiteElo "2483"]
[BlackElo "2083"]
[PlyCount "145"]
[EventDate "2022.11.29"]
[EventType "swiss (blitz)"]
[EventRounds "11"]
[EventCountry "USA"]
[SourceTitle "EXT 2024"]
[Source "ChessBase"]
[SourceDate "2023.10.10"]
[SourceVersion "1"]
[SourceVersionDate "2023.10.10"]
[SourceQuality "1"]

1. d4 Nf6 2. Nc3 c5 3. d5 e6 4. e4 d6 5. Bb5+ Bd7 6. a4 a6 7. Be2 exd5 8. exd5 Be7 9. Nf3 0-0 10. Nd2 Bf5 11. Nc4 Nbd7 12. 0-0 b6 13. Bf4 Qc7 14. h3 h6 15. Re1 Rfe8 16. Bd3 Bxd3 17. Qxd3 Bf8 18. Qf3 Rxe1+ 19. Rxe1 Re8 20. Rxe8 Nxe8 21. Qd3 Nef6 22. Ne3 Qb7 23. Nf5 Ne8 24. Ne4 Ndf6 25. c4 Nxe4 26. Qxe4 Qd7 27. b3 b5 28. cxb5 axb5 29. a5 Nc7 30. g4 b4 31. Qc4 Kh7 32. a6 g6 33. Ne3 Qc8 34. a7 Qb7 35. Qe4 Qxa7 36. Nc4 Qa6 37. h4 Qa1+ 38. Kg2 Qf6 39. h5 Qd4 40. Qxd4 cxd4 41. Nxd6 Bxd6 42. Bxd6 Nxd5 43. Kf3 gxh5 44. gxh5 f5 45. Ke2 Kg7 46. Kd3 Kf6 47. Kxd4 Ke6 48. Bf8 Nf4 49. Bxb4 Nxh5 50. Bf8 Nf4 51. Bxh6 Nd5 52. Kc5 Ke5 53. b4 Ke4 54. b5 f4 55. Bg7 Nc7 56. b6 Ne6+ 57. Kc6 Nxg7 58. b7 Ne6 59. b8Q Nd4+ 60. Kc5 Ne2 61. Qb3 Ng1 62. Qd1 Kf5 63. Qxg1 Ke4 64. Qd1 f3 65. Qd2 Kf5 66. Qe3 Kg4 67. Qe4+ Kh3 68. Qxf3+ Kh2 69. Qg4 Kh1 70. Kd4 Kh2 71. Ke4 Kh1 72. Kf3 Kh2 73. Qg2# 1-0